Normal view
MARC view
- PIERRE, GEORGE R. S. T
Entry Personal Name
001 - CONTROL NUMBER
- control field: 58384
003 - CONTROL NUMBER IDENTIFIER
- control field: NUST
005 - DATE AND TIME OF LATEST TRANSACTION
- control field: 20210628202130.0
008 - FIXED-LENGTH DATA ELEMENTS
- fixed length control field: 210628|| aca||aabn | a|a d
040 ## - CATALOGING SOURCE
- Original cataloging agency: NUST
- Transcribing agency: NUST
100 ## - HEADING--PERSONAL NAME
- Personal name: PIERRE, GEORGE R. S. T
670 ## - SOURCE DATA FOUND
- Source citation: Work cat.: (NUST): PIERRE, GEORGE R. S. T, PHYSICAL CHEMISTRY OF PROCESS METALLURGY METALLURGICAL SOCIETY CONFERENCE PART-1&2, 1961
